Na cestě za lepší platební morálkou

Problematika platobnej disciplíny podnikateľských subjektov v Českej republike. Novelizácia právnej úpravy a smernica Európskeho parlametnu a Rady č. 2011/7/EU. Zosúladenie smernice EÚ s novelou obchodného zákonníka ČR.

Salvato in:
Dettagli Bibliografici
Autore principale: Tomšej, Jakub
Natura: Capitolo di libro
Lingua:ceco
Soggetti:
Tags: Aggiungi Tag
Nessun Tag, puoi essere il primo ad aggiungerne!!

MARC

LEADER 00000naa a2200000 4500
001 0165315
005 20231211082307.5
041 0 |a cze 
044 |a CZ 
245 1 0 |a Na cestě za lepší platební morálkou  |c Jakub Tomšej 
520 |a Problematika platobnej disciplíny podnikateľských subjektov v Českej republike. Novelizácia právnej úpravy a smernica Európskeho parlametnu a Rady č. 2011/7/EU. Zosúladenie smernice EÚ s novelou obchodného zákonníka ČR. 
610 2 0 |a Česko 
610 2 0 |a Európska únia 
610 2 0 |a prostredie podnikateľské 
610 2 0 |a zmluvy obchodné 
610 2 0 |a vzťahy obchodné záväzkové 
610 2 0 |a disciplína platobná 
610 2 0 |a zákonník obchodný 
100 1 |a Tomšej, Jakub